<?xml version="1.0" encoding="UTF-8"?>
<record
    xmlns:xsi="http://www.w3.org/2001/XMLSchema-instance"
    xsi:schemaLocation="http://www.loc.gov/MARC21/slim http://www.loc.gov/standards/marcxml/schema/MARC21slim.xsd"
    xmlns="http://www.loc.gov/MARC21/slim">

  <leader>03480fam a2200397 a 4500</leader>
  <controlfield tag="001">12088</controlfield>
  <controlfield tag="003">BD-RjUL</controlfield>
  <controlfield tag="005">20211208235231.0</controlfield>
  <controlfield tag="008">940722s1985    enka          00| 0 eng d</controlfield>
  <datafield tag="020" ind1=" " ind2=" ">
    <subfield code="a">0521304784</subfield>
  </datafield>
  <datafield tag="020" ind1=" " ind2=" ">
    <subfield code="a">0521315166</subfield>
  </datafield>
  <datafield tag="035" ind1=" " ind2=" ">
    <subfield code="a">(OCoLC)30919364</subfield>
  </datafield>
  <datafield tag="035" ind1=" " ind2=" ">
    <subfield code="a">(OCoLC)ocm30919364</subfield>
  </datafield>
  <datafield tag="035" ind1=" " ind2=" ">
    <subfield code="a">(BD-RjUL)12137</subfield>
  </datafield>
  <datafield tag="035" ind1=" " ind2=" ">
    <subfield code="a">(NNC)1593901</subfield>
  </datafield>
  <datafield tag="040" ind1=" " ind2=" ">
    <subfield code="a">DLC</subfield>
    <subfield code="c">DLC</subfield>
    <subfield code="d">DLC$dOrLoB</subfield>
    <subfield code="d">BD-RjUL</subfield>
    <subfield code="b">eng</subfield>
  </datafield>
  <datafield tag="041" ind1=" " ind2=" ">
    <subfield code="a">eng</subfield>
  </datafield>
  <datafield tag="082" ind1="0" ind2="0">
    <subfield code="a">581.0724</subfield>
    <subfield code="2">20</subfield>
    <subfield code="b">DOE 1985</subfield>
  </datafield>
  <datafield tag="100" ind1="1" ind2=" ">
    <subfield code="a">Dodds, John H.</subfield>
    <subfield code="9">37444</subfield>
  </datafield>
  <datafield tag="245" ind1="1" ind2="0">
    <subfield code="a">Experiments in plant tissue culture /</subfield>
    <subfield code="c">John H. Dodds and Lorin W. Roberts.</subfield>
  </datafield>
  <datafield tag="246" ind1="3" ind2="0">
    <subfield code="a">Plant tissue culture</subfield>
  </datafield>
  <datafield tag="250" ind1=" " ind2=" ">
    <subfield code="a">2nd ed.</subfield>
  </datafield>
  <datafield tag="260" ind1=" " ind2=" ">
    <subfield code="a">Cambridge;</subfield>
    <subfield code="a">New York :</subfield>
    <subfield code="b">Cambridge University Press,</subfield>
    <subfield code="c">1985</subfield>
  </datafield>
  <datafield tag="300" ind1=" " ind2=" ">
    <subfield code="a">xiv, 232 p. :</subfield>
    <subfield code="b">ill. ;</subfield>
    <subfield code="c">24 cm.</subfield>
  </datafield>
  <datafield tag="504" ind1=" " ind2=" ">
    <subfield code="a">Includes bibliographical references and indexes.</subfield>
  </datafield>
  <datafield tag="505" ind1="0" ind2=" ">
    <subfield code="a">Foreword / J. Heslop-Harrison -- I. Background information. 1. Culture of plant cells, tissues, and organs. 2. Laboratory facilities. 3. Aseptic techniques. 4. Media composition and preparation -- II. Experimental: Callus and callus-derived systems. 5. Initiation and maintenance of callus. 6. Organogenesis. 7. Cell suspensions. 8. Somatic embryogenesis -- III. Experimental: Culture of organs and organized systems. 9. Isolated roots. 10. Micropropagation by bud proliferation. 11. Anther and pollen cultures -- IV. Experimental: Isolated cells. 12. Transdifferentiation of parenchyma cells to tracheary elements. 13. Isolation and culture of protoplasts. 14. Protoplast fusion and somatic hybridization -- V. Supplementary topics. 15. Cryopreservation of germplasm. 16. Production of secondary metabolites. 17. Quantitation of procedures.</subfield>
  </datafield>
  <datafield tag="520" ind1=" " ind2=" ">
    <subfield code="a">The third edition of Experiments in Plant Tissue Culture makes available new and updated information that has resulted from recent advances in the applications of plant tissue culture techniques to agriculture and industry. This laboratory text features an enlarged section on terminology and definitions as well as additional information on equipment and facilities.</subfield>
  </datafield>
  <datafield tag="520" ind1="8" ind2=" ">
    <subfield code="a">This comprehensive text takes the reader through a graded series of experimental protocols and also provides a preliminary review of each topic. After an introductory historical background, there are discussions of a plant tissue culture laboratory, aseptic techniques, and nutritional components of media.</subfield>
  </datafield>
  <datafield tag="520" ind1="8" ind2=" ">
    <subfield code="a">Subsequent chapters are devoted to callus induction, organ formation, cell suspensions, somatic embryogenesis, root cultures, micropropagation, anther and pollen cultures, xylem cell differentiation, isolation and fusion of protoplasts, storage of genetic resources, secondary metabolite production, and quantitation of procedures. A glossary of terms, a list of commercial sources of supplies, and a table of media formulations are included.</subfield>
  </datafield>
  <datafield tag="520" ind1="8" ind2=" ">
    <subfield code="a">. This book offers all the basic experimental methods for the major research areas of plant tissue culture, and will be invaluable to undergraduates and research investigators in the plant sciences. It will also be useful to researchers in related areas such as forestry, agronomy, and horticulture, and to those in commercial houses and pharmaceutical companies interested in acquiring the laboratory techniques.</subfield>
  </datafield>
  <datafield tag="650" ind1="0" ind2="0">
    <subfield code="a">Plant tissue culture</subfield>
    <subfield code="x">Experiments.</subfield>
    <subfield code="9">37445</subfield>
  </datafield>
  <datafield tag="700" ind1="1" ind2=" ">
    <subfield code="a">Roberts, Lorin W.</subfield>
    <subfield code="9">37446</subfield>
  </datafield>
  <datafield tag="942" ind1=" " ind2=" ">
    <subfield code="2">ddc</subfield>
    <subfield code="c">BK</subfield>
  </datafield>
  <datafield tag="999" ind1=" " ind2=" ">
    <subfield code="c">12088</subfield>
    <subfield code="d">12088</subfield>
  </datafield>
  <datafield tag="952" ind1=" " ind2=" ">
    <subfield code="0">0</subfield>
    <subfield code="1">0</subfield>
    <subfield code="2">ddc</subfield>
    <subfield code="4">0</subfield>
    <subfield code="7">0</subfield>
    <subfield code="8">NFIC</subfield>
    <subfield code="a">RUCL</subfield>
    <subfield code="b">RUCL</subfield>
    <subfield code="c">Stack</subfield>
    <subfield code="d">1988-08-01</subfield>
    <subfield code="e">Mania pub</subfield>
    <subfield code="g">27.80</subfield>
    <subfield code="l">0</subfield>
    <subfield code="o">581.0724 DOE 1985</subfield>
    <subfield code="r">2014-01-28 00:00:00</subfield>
    <subfield code="t">C-2</subfield>
    <subfield code="w">2014-01-28</subfield>
    <subfield code="y">BK</subfield>
  </datafield>
  <datafield tag="952" ind1=" " ind2=" ">
    <subfield code="0">0</subfield>
    <subfield code="1">0</subfield>
    <subfield code="2">ddc</subfield>
    <subfield code="4">0</subfield>
    <subfield code="7">1</subfield>
    <subfield code="8">NFIC</subfield>
    <subfield code="a">RUCL</subfield>
    <subfield code="b">RUCL</subfield>
    <subfield code="c">Reading</subfield>
    <subfield code="d">1988-07-05</subfield>
    <subfield code="l">0</subfield>
    <subfield code="o">581.0724 DOE 1985</subfield>
    <subfield code="r">2017-05-23 00:00:00</subfield>
    <subfield code="t">C-1</subfield>
    <subfield code="w">2017-05-23</subfield>
    <subfield code="y">BK</subfield>
  </datafield>
  <datafield tag="952" ind1=" " ind2=" ">
    <subfield code="0">0</subfield>
    <subfield code="1">0</subfield>
    <subfield code="2">ddc</subfield>
    <subfield code="4">0</subfield>
    <subfield code="7">0</subfield>
    <subfield code="8">NFIC</subfield>
    <subfield code="a">RUCL</subfield>
    <subfield code="b">RUCL</subfield>
    <subfield code="c">Stack</subfield>
    <subfield code="d">1989-09-24</subfield>
    <subfield code="e">Karim Int.</subfield>
    <subfield code="g">30.00</subfield>
    <subfield code="l">0</subfield>
    <subfield code="o">581.0724 DOE 1985</subfield>
    <subfield code="r">2017-05-23 00:00:00</subfield>
    <subfield code="t">C-3</subfield>
    <subfield code="w">2017-05-23</subfield>
    <subfield code="y">BK</subfield>
  </datafield>
</record>
